[Event "Staraya Mayna Sidorov Cup"]
[Site "Staraya Mayna"]
[Date "2018.07.10"]
[Round "1"]
[White "Alachihin, Vladimir"]
[Black "Abdurahmanov, Afer"]
[Result "1/2-1/2"]
[WhiteElo "2283"]
[BlackElo "1515"]
[PlyCount "201"]
[EventDate "2018.07.10"]
[EventType "swiss"]
[EventRounds "9"]
[EventCountry "RUS"]
[SourceTitle "EXT 2019"]
[Source "ChessBase"]
[SourceDate "2018.10.10"]
[SourceVersion "1"]
[SourceVersionDate "2018.10.10"]
[SourceQuality "1"]

1. d4 e6 2. Nf3 d6 3. c4 h6 4. Nc3 Bd7 5. e4 g5 6. Be3 Bg7 7. h4 g4 8. Nd2 h5 9. f3 e5 10. d5 Ne7 11. c5 Ng6 12. cxd6 cxd6 13. Nc4 0-0 14. Nxd6 gxf3 15. Nxb7 fxg2 16. Bxg2 Qf6 17. Qxh5 Nf4 18. 0-0 Nxh5 19. Rxf6 Nxf6 20. Nc5 Bg4 21. Nb5 Nbd7 22. Nd3 Be2 23. Bf1 Bxf1 24. Rxf1 Nxe4 25. Nxa7 f5 26. Nc6 f4 27. Bc1 f3 28. Kh2 Kh7 29. a3 Bh6 30. Bxh6 Kxh6 31. Ncxe5 Nxe5 32. Nxe5 f2 33. d6 Rf4 34. d7 Rxh4+ 35. Kg2 Rg8+ 36. Kf3 Nd2+ 37. Ke2 Re4+ 38. Kxd2 Rxe5 39. Rxf2 Rd5+ 40. Kc3 Rg3+ 41. Kb4 Rg4+ 42. Kb3 Rxd7 43. Rf6+ Kg7 44. Rb6 Kf7 45. Ka2 Ke7 46. Rb8 Rg2 47. a4 Kd6 48. Ka3 Kc6 49. b3 Rg3 50. Rc8+ Kb7 51. Rc4 Kb8 52. Rc2 Rb7 53. Rb2 Ka7 54. Rb1 Rc7 55. Rh1 Rcg7 56. Rh2 Rg1 57. Rf2 Ra1+ 58. Kb2 Rgg1 59. Rf3 Kb6 60. Kc3 Rac1+ 61. Kb4 Rg4+ 62. Ka3 Kc5 63. Rf8 Ra1+ 64. Kb2 Rgg1 65. Rf3 Rgb1+ 66. Kc3 Rc1+ 67. Kb2 Rab1+ 68. Ka3 Rf1 69. Rh3 Rfc1 70. Rg3 Ra1+ 71. Kb2 Rcb1+ 72. Kc3 Rc1+ 73. Kb2 Kd4 74. Rg7 Ke3 75. Rg3+ Kf4 76. Rh3 Rab1+ 77. Ka3 Kg4 78. Rd3 Rf1 79. Ka2 Rbd1 80. Re3 Rf2+ 81. Ka3 Rf3 82. Re4+ Kg3 83. Rb4 Kf2 84. Kb2 Ke2 85. Re4+ Re3 86. Rh4 Kd2 87. Rh2+ Kd3 88. Rh4 Rd2+ 89. Ka3 Kc2 90. Rc4+ Rc3 91. Rb4 Rdd3 92. a5 Rxb3+ 93. Rxb3 Rxb3+ 94. Ka4 Kc3 95. a6 Rb1 96. Ka5 Kc4 97. a7 Kc5 98. Ka6 Rb6+ 99. Ka5 Rb1 100. Ka6 Ra1+ 101. Kb7 1/2-1/2

[Event "Uljanovsk Volga op"]
[Site "Uljanovsk"]
[Date "2016.01.06"]
[Round "4"]
[White "Abdurahmanov, Afer"]
[Black "Beldyugin, Alexey"]
[Result "0-1"]
[WhiteElo "1655"]
[BlackElo "2101"]
[PlyCount "94"]
[EventDate "2016.01.05"]
[EventType "swiss"]
[EventRounds "9"]
[EventCountry "RUS"]
[SourceTitle "CBM 170 Extra"]
[Source "ChessBase"]
[SourceDate "2016.02.25"]
[SourceVersion "1"]
[SourceVersionDate "2016.02.25"]
[SourceQuality "1"]

1. d4 d6 2. c3 e5 3. e4 Nf6 4. Bg5 Be7 5. Bxf6 Bxf6 6. dxe5 dxe5 7. Qc2 Be6 8. Nd2 c6 9. 0-0-0 Bg5 10. Kb1 Bxd2 11. Rxd2 Qa5 12. b3 Na6 13. Nf3 f6 14. Bxa6 Qxa6 15. Rd6 Ke7 16. Rhd1 Rad8 17. Qd2 Qa5 18. Ng5 Bg4 19. f3 Qc7 20. fxg4 Rxd6 21. Qxd6+ Qxd6 22. Rxd6 fxg5 23. Rd3 Rf8 24. Rf3 Rf4 25. Rxf4 exf4 26. Kc2 Ke6 27. Kd3 Ke5 28. c4 c5 29. a3 a5 30. g3 f3 31. Ke3 f2 32. Kxf2 Kxe4 33. Ke2 Kd4 34. Kd2 a4 35. Kc2 g6 36. Kb2 axb3 37. Kxb3 Kd3 38. h3 Kd4 39. h4 h6 40. h5 gxh5 41. gxh5 g4 42. a4 b6 43. Kc2 Kxc4 44. Kd2 Kb3 45. Ke3 c4 46. Ke4 c3 47. Kf5 c2 0-1

[Event "Uljanovsk Povolje op"]
[Site "Uljanovsk"]
[Date "2015.09.27"]
[Round "9"]
[White "Abdurahmanov, Afer"]
[Black "Alyev, Timur"]
[Result "1-0"]
[WhiteElo "1646"]
[BlackElo "1721"]
[PlyCount "69"]
[EventDate "2015.09.12"]
[EventType "swiss"]
[EventRounds "9"]
[EventCountry "RUS"]
[SourceTitle "EXT 2016"]
[Source "ChessBase"]
[SourceDate "2015.10.08"]
[SourceVersion "1"]
[SourceVersionDate "2015.10.08"]
[SourceQuality "1"]

1. d4 c5 2. c3 cxd4 3. Qxd4 Nf6 4. Qd1 d5 5. Bg5 e6 6. Nd2 Nbd7 7. e4 h6 8. Bxf6 Nxf6 9. Qc2 Bc5 10. Be2 0-0 11. e5 Nd7 12. f4 Bxg1 13. Rxg1 Qh4+ 14. g3 Qxh2 15. Nf3 Qh3 16. 0-0-0 Nc5 17. g4 f6 18. exf6 Rxf6 19. g5 hxg5 20. Rxg5 Ne4 21. Rgg1 Qf5 22. Bd3 Qxf4+ 23. Nd2 Nxd2 24. Rxd2 Qe3 25. Rgd1 e5 26. Qa4 Bg4 27. Qxg4 e4 28. Bc2 Qh6 29. Kb1 Rg6 30. Qd7 e3 31. Qxd5+ Re6 32. Re2 Rf8 33. Bb3 Qg6+ 34. Ka1 Rff6 35. Rxe3 1-0

[Event "Uljanovsk Povolje op"]
[Site "Uljanovsk"]
[Date "2015.09.27"]
[Round "8"]
[White "Suimanov, Vladimir"]
[Black "Abdurahmanov, Afer"]
[Result "0-1"]
[WhiteElo "1441"]
[BlackElo "1646"]
[PlyCount "60"]
[EventDate "2015.09.12"]
[EventType "swiss"]
[EventRounds "9"]
[EventCountry "RUS"]
[SourceTitle "EXT 2016"]
[Source "ChessBase"]
[SourceDate "2015.10.08"]
[SourceVersion "1"]
[SourceVersionDate "2015.10.08"]
[SourceQuality "1"]

1. e4 e6 2. Nc3 b6 3. Nge2 Bb7 4. g3 Nf6 5. Bg2 Nc6 6. d4 d5 7. e5 Nd7 8. 0-0 h5 9. f4 h4 10. g4 h3 11. Bf3 Qh4 12. Be3 f6 13. a3 0-0-0 14. b4 fxe5 15. dxe5 g5 16. Bf2 Qh6 17. fxg5 Qxg5 18. Nd4 Nxd4 19. Bxd4 Nxe5 20. Be2 Rg8 21. Kh1 c5 22. bxc5 bxc5 23. Bxe5 Qxe5 24. Qd3 Bd6 25. Rf2 c4 26. Qxh3 Rh8 27. Qg2 Qxc3 28. Qf1 Rdf8 29. Rb1 Rxf2 30. Qxf2 Rxh2+ 0-1

[Event "Uljanovsk Povolje op"]
[Site "Uljanovsk"]
[Date "2015.09.19"]
[Round "4"]
[White "Dobrocmyslov, Artem"]
[Black "Abdurahmanov, Afer"]
[Result "1-0"]
[WhiteElo "2133"]
[BlackElo "1646"]
[PlyCount "27"]
[EventDate "2015.09.12"]
[EventType "swiss"]
[EventRounds "9"]
[EventCountry "RUS"]
[SourceTitle "EXT 2016"]
[Source "ChessBase"]
[SourceDate "2015.10.08"]
[SourceVersion "1"]
[SourceVersionDate "2015.10.08"]
[SourceQuality "1"]

1. d4 e6 2. c4 b6 3. Nf3 Bb7 4. Nc3 Ne7 5. e4 Ng6 6. Bd3 Nh4 7. Nxh4 Qxh4 8. 0-0 Nc6 9. Be3 0-0-0 10. Qa4 a5 11. c5 bxc5 12. dxc5 Ne5 13. Qxa5 Nxd3 14. Nb5 1-0

[Event "Uljanovsk Povolje op"]
[Site "Uljanovsk"]
[Date "2015.09.13"]
[Round "2"]
[White "Galashev, Nikita"]
[Black "Abdurahmanov, Afer"]
[Result "0-1"]
[WhiteElo "1125"]
[BlackElo "1646"]
[PlyCount "44"]
[EventDate "2015.09.12"]
[EventType "swiss"]
[EventRounds "9"]
[EventCountry "RUS"]
[SourceTitle "EXT 2016"]
[Source "ChessBase"]
[SourceDate "2015.10.08"]
[SourceVersion "1"]
[SourceVersionDate "2015.10.08"]
[SourceQuality "1"]

1. e4 e6 2. d4 b6 3. Nf3 Bb7 4. Nc3 Bb4 5. Bd3 Ne7 6. Bd2 Ng6 7. e5 Nh4 8. Nxh4 Qxh4 9. 0-0 a6 10. a3 Bf8 11. Re1 Qxd4 12. b4 Qh4 13. b5 Bc5 14. Be3 Bf8 15. bxa6 Nxa6 16. Qd2 h6 17. Red1 d6 18. Bf4 0-0-0 19. Bg3 Qg5 20. Qe2 Nc5 21. a4 dxe5 22. Bxe5 Qxg2# 0-1

[Event "Uljanovsk Student op"]
[Site "Uljanovsk"]
[Date "2014.03.30"]
[Round "5"]
[White "Abdurahmanov, Afer"]
[Black "Gabunov, Fail"]
[Result "1-0"]
[WhiteElo "1664"]
[BlackElo "1819"]
[PlyCount "103"]
[EventDate "2014.03.22"]
[EventType "swiss"]
[EventRounds "9"]
[EventCountry "RUS"]
[SourceTitle "EXT 2016"]
[Source "ChessBase"]
[SourceDate "2015.10.08"]
[SourceVersion "1"]
[SourceVersionDate "2015.10.08"]
[SourceQuality "1"]

1. g3 Nf6 2. Bg2 d5 3. c4 e6 4. cxd5 exd5 5. Nf3 Be7 6. 0-0 0-0 7. d4 h6 8. Nc3 Be6 9. Bf4 c6 10. Re1 Nh5 11. Bxb8 Rxb8 12. Ne5 Nf6 13. Nd3 Qc8 14. e4 dxe4 15. Nxe4 Qd8 16. Ndc5 Bd5 17. Qa4 b6 18. Na6 Ra8 19. Rad1 b5 20. Qc2 Rc8 21. b4 Re8 22. Nac5 Bf8 23. Nb7 Bxe4 24. Rxe4 Qc7 25. Rxe8 Nxe8 26. Na5 Bxb4 27. Nxc6 a6 28. Qb3 Bd6 29. Rc1 Qd7 30. d5 Nf6 31. Rd1 Re8 32. Nb4 Qb7 33. Nc6 Qd7 34. h4 Ne4 35. Qc2 Nc5 36. Kh2 Qg4 37. Nd4 Qxh4+ 38. Kg1 Qg5 39. Nf5 Qf6 40. Nxd6 Qxd6 41. Rc1 Rc8 42. Qf5 Rc7 43. Re1 g6 44. Re8+ Kg7 45. Qb1 Re7 46. Qb2+ Qf6 47. Rg8+ Kxg8 48. Qxf6 Re1+ 49. Kh2 Re2 50. d6 Rxa2 51. Bd5 Rd2 52. Qxf7+ 1-0

[Event "Uljanovsk Student op"]
[Site "Uljanovsk"]
[Date "2014.03.30"]
[Round "6"]
[White "Abdurahmanov, Afer"]
[Black "Pakshin, Vladimir"]
[Result "1/2-1/2"]
[WhiteElo "1664"]
[BlackElo "1815"]
[PlyCount "80"]
[EventDate "2014.03.22"]
[EventType "swiss"]
[EventRounds "9"]
[EventCountry "RUS"]
[SourceTitle "EXT 2016"]
[Source "ChessBase"]
[SourceDate "2015.10.08"]
[SourceVersion "1"]
[SourceVersionDate "2015.10.08"]
[SourceQuality "1"]

1. g3 d5 2. c4 c6 3. cxd5 cxd5 4. Bg2 Nf6 5. Nf3 Bf5 6. Qb3 Qb6 7. Qxb6 axb6 8. Nc3 e6 9. d3 Nc6 10. Nb5 Kd7 11. a3 Ra5 12. Nbd4 Nxd4 13. Nxd4 Bg6 14. 0-0 Bc5 15. Be3 Ng4 16. b4 Nxe3 17. fxe3 Bxd4 18. exd4 Raa8 19. e4 Kd6 20. a4 Rhc8 21. a5 bxa5 22. bxa5 dxe4 23. dxe4 Rc4 24. Rfb1 Kc7 25. Rd1 Rd8 26. d5 exd5 27. exd5 Rd6 28. Rac1 Rxc1 29. Rxc1+ Kd8 30. Kf2 Bd3 31. Ke3 Bb5 32. Kd4 Ra6 33. Bh3 Bd7 34. Bxd7 Kxd7 35. Rc5 b6 36. Rc6 Rxa5 37. Rxb6 Kc7 38. Rc6+ Kd7 39. Rb6 Kc7 40. Rc6+ Kd7 1/2-1/2

[Event "Uljanovsk Volga op"]
[Site "Uljanovsk"]
[Date "2014.01.04"]
[Round "4"]
[White "Abdurahmanov, Afer"]
[Black "Privezentsev, Alexey S"]
[Result "1-0"]
[WhiteElo "1682"]
[BlackElo "1546"]
[PlyCount "29"]
[EventDate "2014.01.03"]
[EventType "swiss"]
[EventRounds "9"]
[EventCountry "RUS"]
[SourceTitle "CBM 158 Extra"]
[Source "ChessBase"]
[SourceDate "2014.02.28"]
[SourceVersion "1"]
[SourceVersionDate "2014.02.28"]
[SourceQuality "1"]

1. g3 d5 2. c4 e6 3. cxd5 exd5 4. Bg2 f5 5. Nf3 Nf6 6. Qb3 c6 7. 0-0 Bd6 8. d4 0-0 9. Ne5 Qc7 10. f4 Be6 11. Nd2 Nbd7 12. Ndf3 Ne4 13. Nxd7 Qxd7 14. Ne5 Rf6 15. Nxd7 1-0

[Event "Uljanovsk Volga op"]
[Site "Uljanovsk"]
[Date "2014.01.04"]
[Round "3"]
[White "Frolova, Marina"]
[Black "Abdurahmanov, Afer"]
[Result "1/2-1/2"]
[WhiteElo "1601"]
[BlackElo "1682"]
[PlyCount "129"]
[EventDate "2014.01.03"]
[EventType "swiss"]
[EventRounds "9"]
[EventCountry "RUS"]
[SourceTitle "CBM 158 Extra"]
[Source "ChessBase"]
[SourceDate "2014.02.28"]
[SourceVersion "1"]
[SourceVersionDate "2014.02.28"]
[SourceQuality "1"]

1. c4 e6 2. Nc3 Ne7 3. g3 Ng6 4. Bg2 Bc5 5. e3 Nc6 6. a3 0-0 7. d4 Be7 8. Nge2 f5 9. 0-0 Bf6 10. b4 Nce7 11. Qb3 c6 12. Bb2 d5 13. cxd5 exd5 14. Rac1 h5 15. Rc2 h4 16. Na4 hxg3 17. hxg3 Kf7 18. Nc5 Rh8 19. Nc3 Qg8 20. Rd1 Qh7 21. e4 Qh2+ 22. Kf1 fxe4 23. N3xe4 Bh3 24. Bxh3 Qxh3+ 25. Ke1 Qg2 26. Re2 Rh1+ 27. Kd2 Rah8 28. Nxf6 gxf6 29. Qe3 Rxd1+ 30. Kxd1 Rh1+ 31. Re1 b6 32. Nd3 Rxe1+ 33. Nxe1 Qe4 34. Qxe4 dxe4 35. Ng2 Nd5 36. Kd2 Ke6 37. Ne3 Nc7 38. a4 f5 39. Ke2 f4 40. Nc4 Nd5 41. Ba3 Nc3+ 42. Kd2 Nxa4 43. gxf4 Nxf4 44. Ke3 Nd3 45. f3 Ne1 46. fxe4 b5 47. Kd2 Nf3+ 48. Ke3 bxc4 49. Kxf3 Nc3 50. Ke3 Nb5 51. Bc1 Kd6 52. Bb2 Kc7 53. e5 Kd7 54. Ke4 Nc7 55. Bc1 Nd5 56. Ba3 Ke6 57. Kf3 Kf5 58. Ke2 Ke4 59. Bb2 Nf4+ 60. Kd2 Kd5 61. Ke3 Nd3 62. Bc3 a6 63. Kf3 Nc1 64. Ke3 Na2 65. Kd2 1/2-1/2

[Event "Uljanovsk Sidorov Memorial"]
[Site "Uljanovsk"]
[Date "2013.07.12"]
[Round "3"]
[White "Abdurahmanov, Afer"]
[Black "Ishpulaeva, Veronika"]
[Result "0-1"]
[WhiteElo "1695"]
[BlackElo "1617"]
[PlyCount "74"]
[EventDate "2013.07.11"]
[EventType "swiss"]
[EventRounds "9"]
[EventCountry "RUS"]
[SourceTitle "EXT 2014"]
[Source "ChessBase"]
[SourceDate "2013.11.20"]
[SourceVersion "1"]
[SourceVersionDate "2013.11.20"]
[SourceQuality "1"]

1. g3 c5 2. Bg2 d6 3. c3 Nf6 4. d4 cxd4 5. Qxd4 Nc6 6. Qa4 Bd7 7. Qb3 Qc7 8. Nf3 g6 9. Ng5 e6 10. Nd2 Bg7 11. Nc4 h6 12. Nf3 d5 13. Ne3 0-0 14. 0-0 Rac8 15. Bd2 Ne4 16. Rad1 Nxd2 17. Nxd2 b6 18. Nf3 Na5 19. Qc2 Nc4 20. Qb1 Nxe3 21. fxe3 Bb5 22. Rfe1 Qc5 23. Nd4 Ba6 24. Kh1 Rfd8 25. e4 dxe4 26. Bxe4 Bxd4 27. cxd4 Rxd4 28. Rc1 Qe5 29. Bxg6 Bb7+ 30. Kg1 Qe3+ 31. Kf1 Rxc1 32. Bh7+ Kg7 33. Rxc1 Rd2 34. Bd3 Qd4 35. Rc3 Bf3 36. Ke1 Qe3 37. Ba6 Rxe2+ 0-1

[Event "Uljanovsk Sidorov Memorial"]
[Site "Uljanovsk"]
[Date "2013.07.12"]
[Round "4"]
[White "Gabunov, Fail"]
[Black "Abdurahmanov, Afer"]
[Result "1-0"]
[WhiteElo "1788"]
[BlackElo "1695"]
[PlyCount "99"]
[EventDate "2013.07.11"]
[EventType "swiss"]
[EventRounds "9"]
[EventCountry "RUS"]
[SourceTitle "EXT 2014"]
[Source "ChessBase"]
[SourceDate "2013.11.20"]
[SourceVersion "1"]
[SourceVersionDate "2013.11.20"]
[SourceQuality "1"]

1. d4 d5 2. c4 dxc4 3. Nc3 e6 4. e4 Ne7 5. Bxc4 Ng6 6. Nf3 a6 7. a3 Nh4 8. 0-0 Nxf3+ 9. gxf3 b5 10. Bb3 Nc6 11. Be3 Bb7 12. f4 Qh4 13. Qf3 0-0-0 14. Rad1 h5 15. Kh1 Qe7 16. d5 Na5 17. Ba2 Nc4 18. Bxc4 bxc4 19. Rd4 a5 20. Rfd1 Ba6 21. Qh3 Kb8 22. Nb1 e5 23. fxe5 Qxe5 24. f4 Qe8 25. Qf3 g6 26. Rc1 Bg7 27. Nd2 Bxd4 28. Bxd4 Rg8 29. Nxc4 Qa4 30. b3 Qb5 31. a4 Qb4 32. Ne5 Bb7 33. Bc5 Qd2 34. Be3 Qb2 35. Nc4 Qg7 36. Nxa5 f5 37. Nxb7 Kxb7 38. e5 Kb8 39. Qd1 Qd7 40. Rc5 Qc8 41. Qd3 c6 42. d6 Rg7 43. Qc3 Rb7 44. Rxc6 Qe6 45. Qc4 Qxc4 46. bxc4 Rc8 47. Rxc8+ Kxc8 48. e6 Rb1+ 49. Kg2 Rb4 50. a5 1-0

[Event "Uljanovsk Smyslov Memorial"]
[Site "Uljanovsk"]
[Date "2010.04.14"]
[Round "4"]
[White "Uryadov, Sergey S"]
[Black "Abdurahmanov, Afer"]
[Result "1-0"]
[WhiteElo "1927"]
[BlackElo "1704"]
[PlyCount "104"]
[EventDate "2010.04.03"]
[EventType "swiss"]
[EventRounds "9"]
[EventCountry "RUS"]
[SourceTitle "CBM 136 Extra"]
[Source "ChessBase"]
[SourceDate "2010.07.02"]
[SourceVersion "2"]
[SourceVersionDate "2010.07.15"]
[SourceQuality "1"]

1. d4 b6 2. c4 Bb7 3. Nc3 e6 4. a3 Ne7 5. e4 Ng6 6. Nf3 Be7 7. Bd3 d6 8. 0-0 Nd7 9. Qc2 Ndf8 10. Be3 Nh4 11. Nd2 Bg5 12. f4 Bh6 13. Rae1 Qd7 14. g4 e5 15. Be2 exf4 16. Bf2 Nfg6 17. Nf3 Nxf3+ 18. Bxf3 Bg5 19. b4 Bh4 20. c5 Bxf2+ 21. Qxf2 0-0 22. cxd6 cxd6 23. h4 Ba6 24. Ne2 Bxe2 25. Rxe2 a5 26. Rfe1 axb4 27. axb4 Ra4 28. Rb2 Qb5 29. Be2 Qc6 30. h5 Qc3 31. Bd1 Ra3 32. hxg6 fxg6 33. Be2 Kh8 34. Bf1 f3 35. Rc2 Qxb4 36. Rec1 Raa8 37. Rc4 Qa5 38. Rc6 Qg5 39. Qg3 h5 40. R1c2 h4 41. Rh2 Qe3+ 42. Qf2 Qxf2+ 43. Rxf2 Rf4 44. Rxd6 Rxg4+ 45. Kh2 Rxe4 46. Rxf3 Ra2+ 47. Kh3 Rb2 48. Bd3 Re1 49. Bxg6 Rh1+ 50. Kg4 Rg2+ 51. Kf4 Rxg6 52. Rxg6 h3 1-0

[Event "Uljanovsk-ch"]
[Site "Uljanovsk"]
[Date "2010.03.28"]
[Round "9"]
[White "Fedechkin, Vladislav"]
[Black "Abdurahmanov, Afer"]
[Result "1-0"]
[WhiteElo "1772"]
[BlackElo "1720"]
[PlyCount "51"]
[EventDate "2010.03.13"]
[EventType "swiss"]
[EventRounds "9"]
[EventCountry "RUS"]
[SourceTitle "EXT 2012"]
[Source "ChessBase"]
[SourceDate "2011.11.24"]
[SourceVersion "1"]
[SourceVersionDate "2011.11.24"]
[SourceQuality "1"]

1. d4 e6 2. c4 d5 3. Nc3 dxc4 4. e3 Nf6 5. Bxc4 Bd6 6. Nf3 Bd7 7. 0-0 Bc6 8. Qe2 a6 9. a3 Nbd7 10. e4 b5 11. Ba2 Be7 12. d5 exd5 13. exd5 Bb7 14. Re1 Nf8 15. Ne5 Ng6 16. Nxf7 Qd7 17. Nxh8 Nxh8 18. Bf4 Ng6 19. Bg3 0-0-0 20. d6 Qc6 21. Be6+ Rd7 22. Bxd7+ Nxd7 23. f3 cxd6 24. Rac1 Kd8 25. Ne4 Qb6+ 26. Bf2 1-0

[Event "Uljanovsk op"]
[Site "Uljanovsk"]
[Date "2010.01.10"]
[Round "9"]
[White "Safronov, Victor"]
[Black "Abdurahmanov, Afer"]
[Result "1-0"]
[WhiteElo "1862"]
[BlackElo "1751"]
[PlyCount "95"]
[EventDate "2010.01.04"]
[EventType "swiss"]
[EventRounds "9"]
[EventCountry "RUS"]
[SourceTitle "CBM 134 Extra"]
[Source "ChessBase"]
[SourceDate "2010.03.03"]
[SourceVersion "1"]
[SourceVersionDate "2010.03.03"]
[SourceQuality "1"]

1. e4 e6 2. d4 d5 3. e5 Ne7 4. Nf3 Ng6 5. Bd3 Bd7 6. 0-0 c5 7. c3 Nc6 8. b3 Be7 9. g3 Qc7 10. Na3 a6 11. h4 cxd4 12. cxd4 Nb4 13. Be2 f6 14. h5 Nf8 15. Bb2 Nc6 16. Rc1 Qa5 17. exf6 Bxf6 18. Rc5 Qb6 19. Nb1 Be7 20. Rc1 Bd6 21. a3 0-0-0 22. Nc3 Be8 23. Na4 Qc7 24. Ne5 Kb8 25. b4 b5 26. Nc5 Ka7 27. a4 Nxe5 28. Nxe6 Qb8 29. Nxd8 Nc4 30. Bxc4 dxc4 31. Qg4 g6 32. d5 Rg8 33. Nc6+ Bxc6 34. dxc6 Qc7 35. Bd4+ Kb8 36. axb5 axb5 37. Rfe1 Qxc6 38. Be5 Bc7 39. Qf4 Ne6 40. Qf7 Rc8 41. Bxc7+ Nxc7 42. Qxh7 gxh5 43. Qxh5 Nd5 44. Re5 Nc7 45. Ra1 c3 46. Rc5 Qf6 47. Rc1 Rh8 48. Qe5 1-0